000 00384nam a2200145Ia 4500
008 220803s9999 xx 000 0 und d
020 _a9780789313065
041 _aeng
082 _a333.77'13 PAU
100 _aPaul L L
_925593
245 _aIsland Living : Inland Retreats And Shoreside Havens
260 _aNew York
_bUniverse Publishing
_c2005
300 _a224p
500 _aARCHI
999 _c16369
_d16369